Con người trong thế giới tinh thần : Trải nghiệm triết học cá biệt luận

Nội dung cuốn sách nghiên cứu vấn đề con người trong triết học cá biệt luận của Nikolai Berdyaev

Bewaard in:
Bibliografische gegevens
Hoofdauteur: Berdyaev, Nikolai
Formaat: Boek
Taal:Undetermined
Gepubliceerd in: Hà Nội Tri thức 2015
Onderwerpen:
Tags: Voeg label toe
Geen labels, Wees de eerste die dit record labelt!
Thư viện lưu trữ: Trung tâm Học liệu Trường Đại học Cần Thơ
LEADER 00855nam a2200217Ia 4500
001 CTU_215311
008 210402s9999 xx 000 0 und d
020 |c 110000 
082 |a 197 
082 |b B482 
100 |a Berdyaev, Nikolai 
245 0 |a Con người trong thế giới tinh thần : 
245 0 |b Trải nghiệm triết học cá biệt luận 
245 0 |c Nikolai Berdyaev ; Nguyễn Văn Trọng (dịch, giới thiệu và chú giải) 
260 |a Hà Nội 
260 |b Tri thức 
260 |c 2015 
520 |a Nội dung cuốn sách nghiên cứu vấn đề con người trong triết học cá biệt luận của Nikolai Berdyaev 
650 |a Triết học Nga,Philosophy, Russia 
904 |i Nguyên 
980 |a Trung tâm Học liệu Trường Đại học Cần Thơ